00851nam a22002057a 4500003000500000005001700005008004100022020001800063050002300081100002000104245021600124260004500340300005300385500005100438650004800489650001600537700002900553700002300582700004000605SISC20180724154707.0180724b xxu||||| |||| 00| 0 eng d a9789719805434 aQA 39 b.F567 2016 aFlores, Maricar aWorktext in general mathematics:bactivity-based, scaffolding of student learning approach for senior high school /cMaricar Flores, Ray Ferdinand M. Gagani, Quennie C. Ypanto; Rodulfo T. Aunzo, Jr., coordinator aQuezon City :bC & E Publishing, cc2016 aviii, 363 pages :bcolor illustrations ;c26 cm. aIncludes index and bibliographical references. aMathematical readinessxStudy and teaching  aMathematics aGagani, Ray Ferdinand M. aYpanto, Quennie C. aAunzo, Jr., Rodulfo T.ecoordinator